01727nam a22003857a 4500003000900000005001700009008004100026020001800067040002800085041000800113044000700121100001900128245005800147250001200205260003700217300002800254505001100282505002800293505004600321505003200367505007600399505006500475505003000540505005700570505007100627505004600698505005700744505003400801505003900835505006100874520034100935650002701276650002001303650001801323AR-RoUNA20250911114413.0250508b |||||||| |||| 00| 0 spa d a987-22621-3-6 aAR-RoUNAbspadAR-RoUNA aspa aag aLoomis, Andrew13aEl dibujo de figura en todo su valor /cAndrew Loomis a1a. ed. aBuenos Aires :bLancelot,c2005. a208 p.:bdib.c30x22 cm0 tINDICE0 tCHARLA PRELIMINAR. p.150 tI- INTRODUCCION AL DIBUJO DE FIGURA. p.210 tII- HUESOS Y MUSCULOS. p.570 tIII- EMBLOCAMIENTO DE FORMAS, PLANOS, ESCORZAMIENTO E ILUMINACION. p.680 tIV- DIBUJANDO LA FIGURA VIVA: METODOS DE PRECESAMIENTO. p.820 tV- LA FIGURA DE PIE. p.910 tVI- LA FIGURA EN ACCION: GIROS Y CONTORSIONES. p.1030 tVII- MOVIMIENTO DE AVANCE: LA LINEA DE EQUILIBRIO INCLINADA. p.1150 tVIII- EQUILIBRIO, RITMO, EJECUCION. p.1290 tIX- LA FIGURA ARRODILLADA, AGACHADA Y SENTADA. p.1450 tX- LA FIGURA RECLINADA. p.1590 tXI- LA CABEZA, MANOS Y PIES. p.1710 tXII- LA FIGURA COMPLETA CON INDUMENTARIA ESPECIAL. p.1890 a"El Dibujo de Figura en Todo su Valor" de Andrew Loomis, es un documento de referencia para artistas y estudiantes de arte que buscan mejorar sus habilidades en el dibujo de figuras humanas. El libro explora los principios fundamentales de la construcción de figuras, incluyendo proporciones, perspectiva, anatomía y composición. 4 aDibujosvIlustraciones4 aFiguras humanas4 aExpresionismo